|
|
|
|
| LEADER |
01035nam a2200265 a 4500 |
| 001 |
13198694 |
| 008 |
130424s2005 nyua b 001 0 eng d |
| 010 |
|
|
|a 2003011331
|
| 020 |
|
|
|a 0195674340
|
| 020 |
|
|
|a 0415307864 (hdbk.)
|
| 020 |
|
|
|a 0415307872 (pbk.)
|
| 040 |
|
|
|a DLC
|c DLC
|d YDX
|d BAKER
|d NLGGC
|d DLC
|d BD-DhAAL
|
| 082 |
0 |
0 |
|a 954
|2 22
|
| 100 |
1 |
|
|a Bose, Sugata.
|
| 245 |
1 |
0 |
|a Modern South Asia :
|b history, culture, political economy /
|c Sugata Bose and Ayesha Jalal.
|
| 250 |
|
|
|a 2nd ed.
|
| 260 |
|
|
|a New York :
|b Routledge ;
|a New Delhi :
|b Oxford University Press,
|c 2005.
|
| 300 |
|
|
|a xv, 253 p. :
|b ill. ;
|c 24 cm.
|
| 504 |
|
|
|a Includes bibliographical references (p. 215-242) and index.
|
| 541 |
1 |
|
|e 00026858
|
| 651 |
|
0 |
|a South Asia
|x History.
|
| 700 |
1 |
|
|a Jalal, Ayesha.
|
| 852 |
1 |
|
|a Ayesha Abed Library
|j General Shelf.
|
| 999 |
|
|
|c 13352
|d 13352
|
| 952 |
|
|
|0 0
|1 0
|2 ddc
|4 0
|6 954_000000000000000_BOS
|7 0
|9 22257
|a IGS
|b IGS
|c GEN
|d 2012-04-27
|e Mullick & Brothers
|g 500.00
|l 1
|o 954 BOS
|p 3010026858
|r 2014-06-10
|s 2013-07-31
|t 1
|w 2012-04-27
|y BK
|